Welcome to the Holygrace Academy Library

Please use search bar below to get started

THE TALE OF HIGHOVER HILL (Record no. 5825)

MARC details
000 -LEADER
fixed length control field 00813nam a22001457a 4500
020 ## - INTERNATIONAL STANDARD BOOK NUMBER
ISBN 0-439-98235-9
082 ## - DEWEY DECIMAL CLASSIFICATION NUMBER
Classification number 823
Item number DOL/T
100 ## - MAIN ENTRY--AUTHOR NAME
Personal name DOLAN, PENNY
245 ## - TITLE STATEMENT
Title THE TALE OF HIGHOVER HILL
260 ## - PUBLICATION, DISTRIBUTION, ETC. (IMPRINT)
Place of publication UK
Name of publisher SCHOLASTIC LTD
Year of publication 2002
300 ## - PHYSICAL DESCRIPTION
Number of Pages 96
520 ## - SUMMARY, ETC.
Summary, etc Jonas Jones and his little dog Scraps first encounter Lizzie Linnet on their way to market. She's not very friendly to them, but Jonas knows she needs their help. Lizzie's hiding something, and Jonas is sure it has something to do with Lizzie's part in Madam Mesmer's Marvellous Medicine Show, conning people into buying Octodius Ollett's mysterious potions. Lizzie knows she must escape, but she can't leave her only friends, Dobbin and Bray the donkeys. And even if she did get away, where would she go...?
650 ## - SUBJECT ADDED ENTRY--TOPICAL TERM
Topical Term SHORT STORY
942 ## - ADDED ENTRY ELEMENTS (KOHA)
Koha item type Books
Holdings
Withdrawn status Lost status Collection code Home library Current library Shelving location Date acquired Source of acquisition Full call number Accession Number Koha item type
    Fiction Main Library Main Library SHELF 15-I-CHILDREN'S STORYBOOKS 14/03/2014 Purchase 823 DOL/T 07945 Books
    Fiction Main Library Main Library SHELF 15-I-CHILDREN'S STORYBOOKS 25/03/2014 Purchase 823 DOL/T 08160 Books